Interfaces in Polymer,Ceramic,and Metal Matrix Composites /

Guardado en:
Detalles Bibliográficos
Autor principal: Ishida, Hatsuo (Autor)
Formato: Libro
Publicado: New York : Elsevier, 1988
Etiquetas: Agregar Etiqueta
Sin Etiquetas, Sea el primero en etiquetar este registro!

MARC

LEADER 00000nam a22000003a 4500
001 stu16136
005 20150617225757.9
008 ------s1988----xxu---------------------d
040 |a STU  |b slo 
041 0
044 |a xxu 
080 |a 678.01 
100 1 |a Ishida, Hatsuo  |4 aut 
245 1 |a Interfaces in Polymer,Ceramic,and Metal Matrix Composites /  |c [aut.]Ishida,Hatsuo 
260 |a New York :  |b Elsevier,  |c 1988 
300 |a 780 :  |b Obr.,tab.,grafy,lit.,index 
996 |b C85541  |c C*85541  |l CCXXIVA  |s P  |a 0  |w stu16136_0001